000 01845cam a22004094i 4500
003 PE-LiUPU
005 20250731172927.0
008 cau s1909 r 000 0 eng d
035 _a(Sirsi) a204036
040 _aPE-LiUPU
_bspa
_cPE-LiUPU
_erda
049 _aPRUA
082 0 4 _a224.5
_bG77
100 1 _aGrant Lamson, Justus ,
_eautor.
245 1 4 _aThe eleventh of Daniel, narrated :
_ba short history of the world from Daniel's day to the day of the Lord /
_cJustus Grant Lamson.
264 _aU.S.A :
_bHuntington House,
_c1909.
300 _a97 páginas ;
_c23 centímetros.
336 _text
_2rdacontent
337 _unmediated
_2rdamedia
338 _volume
_2rdacarrier
505 0 _aCaptivity of Daniel -- Nebuchadnezzar's dream, and interpretation -- Golden image and fiery furnace -- King driven from men and returned -- Belshazzar's feast, babylon's fall -- Darius, Daniel, and den of lions -- Vision of the four Universal kindoms -- Vision of medo.persia, Grecia, rome nad the time of the cleansing of the heavenly sanctuary -- Vision explained and definite time named for begnning of judgment in heaven -- Daniel seeks further light and Gabriel comes to tell the story of the world from that day on.
526 _aSEG42
526 _aSEG41
526 _aSEG40
526 _aSEG39
526 _aP94
526 _aP87
526 _aP86
526 _aP85
526 _aP77
526 _aP76
526 _aP35
650 1 4 _aBiblia.
_pA.T.
_pDaniel, XI
_vComentarios.
596 _a1
942 _2ddc
_cBOOK
999 _a224.5 G77
_wLC
_c20414
_i75845
_d20414
_e2022-4-21
_f2021-11-9
_g4
_lCCODEBUL1
_mBUL
_n3
_p30.00
_q2
_r0
_sY
_tBOOK
_u2017-5-22
_xTEOLOGIA
_PP85
_0DONACION
_o.STAFF. Colección Teología
980 _81
_gALBERTO SANCHEZ Responsable de Automatización